00874 a2200157 4500003000500000005001700005040000900022082001500031245002600046260007500072490003600147505037900183942001200562999001900574952012300593Nust20221026144253.0 cNust a621.31,APP aApplied Electricity 2 aMelbournebengineering training section,post master general department acourse of technical instruction aIntroduction (Page-1), Alternating Currents in telecommunication (Page-2), Trigonometry and Right (Page-4), Values Of alternating current and voltage (Page-10), Phase (Page-11), Resistance in A.C. Circuits (Page-12), Inducate in A.C .Circuits (Page-13), Capcatines in A.C. Circuits (Page-17), Addition of out of Phase Voltage or Currents (Page-21), Test Questions (Page-24). 2ddccBK c194235d194235 00102ddc4070aMCSbMCScGENd2016-12-12o621.31,APPpMCS5826r2016-12-08w2016-12-12yBKzAlmirah No.28, Shelf No.5